| 000 | 00348nam a2200109Ia 4500 | ||
|---|---|---|---|
| 008 | 200302s9999 xx 000 0 und d | ||
| 100 | _aFelix Heisel and other ed. | ||
| 245 | _aLessons of informality architecture and urban planning for emerging territories-concepts from ethiopia | ||
| 260 | _bBirkhauser Verlag Gmbh | ||
| 260 | _c2016 | ||
| 300 | _a222 | ||
| 999 |
_c6206 _d6206 |
||